Good With Coins? - Statistics

General Stats
  • This quiz has been taken 244 times
  • The average score is 2 of 10
Answers on the Grid
Answers color-coded by a green-red scale on the quiz's grid according to % correct below.
Heads
Heads
Heads
Tails
Tails
Heads
Tails
Heads
Heads
Tails
Heads
Tails
Tails
Heads
Heads
Tails
Tails
Tails
Tails
Heads
 
Answer Stats
Answer % Correct
Tails
30%
Heads
28%
Heads
26%
Heads
25%
Tails
21%
Heads
19%
Tails
19%
Tails
18%
Tails
18%
Heads
14%
No matching quizzes found
Score Distribution
Percent of People with Each Score
Percentile by Number Answered
Your Score History
You have not taken this quiz